000
00302nam a22001337a 4500
008
181015b xxu||||| |||| 00| 0 eng d
020
_a
9781416030805
041
_a
eng
080
_2
7th
_a
616.073
100
_a
6
101
_a
GJEN
245
_a
Genetics in Medicine
_c
Nussbaum,R.L
942
_2
udc
_c
BK
999
_c
49636
_d
49636